00768nam a22002177a 450000500170000001000150001702000110003203500140004303700090005708200130006610000390007924500850011825000110020326000430021427000760025730000210033370000270035494200240038199900190040595201260042420241204114544.0 aENG-142827 c362.00 aEN-126359 bDBAD a631.421 aRajammal, T. Sherene Jenita974650 aFundamentals Of Soil Physics/cby T. Sherene Jenita Rajammal and J. Ramachandran aFirst  aTamil NadubShanlax Publicationsc2022 bTamil Nadua61, 66 T. P. K. Main Road, Vasantha Nagar, Madurai,e625003 a136p.c25cm(pbk) aJ. Ramachandran974651 2ddccENh631.4mRAJ c207393d207393 001040708NFICaLbLd2024-12-04eDBADg362.00l0o631.4 RAJpEN-126359r2024-12-04 00:00:00t1v362.00w2024-12-04yEN